ბათუმის შოთა რუსთაველის სახელმწიფო უნივერსიტეტის ბიბლიოთეკა

Tsukiji : (ბიბ.ჩანაწერი № 64018)

000 -LEADER
fixed length control field 01039nam a22002297a 4500
005 - DATE AND TIME OF LATEST TRANSACTION
control field 20260310115147.0
008 - FIXED-LENGTH DATA ELEMENTS--GENERAL INFORMATION
fixed length control field 260310s2004 enk||||| |||| 00| 0 eng d
020 ## - INTERNATIONAL STANDARD BOOK NUMBER
International Standard Book Number 9780520220249x
041 ## - LANGUAGE CODE
Language code of text/sound track or separate title eng
080 ## - UNIVERSAL DECIMAL CLASSIFICATION NUMBER
Universal Decimal Classification number 339.175.2 : 316.62 :392](520) B-52
100 ## - MAIN ENTRY--PERSONAL NAME
Personal name Bestor, Theodore C.
9 (RLIN) 27019
245 ## - TITLE STATEMENT
Title Tsukiji :
Remainder of title the fish market at the center of the world /
Statement of responsibility, etc. Theodore C. Bestor.
264 ## - PRODUCTION, PUBLICATION, DISTRIBUTION, MANUFACTURE, AND COPYRIGHT NOTICE
Place of production, publication, distribution, manufacture Berkeley :
Name of producer, publisher, distributor, manufacturer Univ. of California press,
Date of production, publication, distribution, manufacture, or copyright notice 2004.
300 ## - PHYSICAL DESCRIPTION
Extent 412 p.:
Other physical details ill.;
Dimensions 23 cm.
440 ## - SERIES STATEMENT/ADDED ENTRY--TITLE
Title California studies in food a. culture Antropology. Food. Asian studies ed. Darra Goldstein
9 (RLIN) 27098
500 ## - GENERAL NOTE
General note Bibliogr.: p. 361-383.
653 ## - INDEX TERM--UNCONTROLLED
keyword იაპონიის ბაზრები-ისტორია
653 ## - INDEX TERM--UNCONTROLLED
keyword თევზის მრეწველობა იაპონიაში-ისტორია
653 ## - INDEX TERM--UNCONTROLLED
keyword ტოკიოს სოციალური ცხოვრება
653 ## - INDEX TERM--UNCONTROLLED
keyword იაპონური წეს-ჩვეულებები
942 ## - ADDED ENTRY ELEMENTS (KOHA)
Source of classification or shelving scheme
Koha item type წიგნი
ეგზემპლარები
Withdrawn status Lost status Source of classification or shelving scheme Damaged status Not for loan Permanent Location Current Location Shelving location Date acquired Cost, normal purchase price Full call number Barcode Date last seen Copy number Uniform Resource Identifier Price effective from Koha item type Public note
          ბათუმის შოთა რუსთაველის სახელმწიფო უნივერსიტეტის მთავარი ბიბლიოთეკა ბათუმის შოთა რუსთაველის სახელმწიფო უნივერსიტეტის მთავარი ბიბლიოთეკა წიგნსაცავი 2026-03-10 15.00 339.175.2 : 316.62 :392](520) B-52 73898 2026-03-10 73898 იაპონიის ელჩის საჩუქარი 2026-03-10 წიგნი 15 ლ.